Biggest Cities in Eastern Europe - Statistics

General Stats
  • This quiz has been taken 71 times
  • The average score is 17 of 21
Answer Stats
Country Population Answer % Correct
Ukraine 3.500.000 Kyiv
100%
Poland 3.350.000 Warsaw
100%
Hungary 2.750.000 Budapest
98%
Czechia 2.200.000 Prague
96%
Poland 1.400.000 Kraków
95%
Belarus 2.100.000 Minsk
95%
Latvia 1.000.000 Riga
95%
Bulgaria 1.400.000 Sofia
95%
Croatia 1.210.000 Zagreb
95%
Romania 2.400.000 Bucharest
93%
Serbia 1.550.000 Belgrade
91%
Ukraine 1.150.000 Odessa
86%
Ukraine 1.500.000 Kharkiv
81%
Poland 1.230.000 Gdańsk
77%
Ukraine 1.350.000 Donetsk
70%
Poland 1.200.000 Wrocław
65%
Poland 2.500.000 Upper Silesia
63%
Poland 1.100.000 Łódź
61%
Poland 1.010.000 Poznań
54%
Ukraine 1.330.000 Dnipro
53%
Czechia 1.100.000 Ostrava
49%
No matching quizzes found
Score Distribution
Percent of People with Each Score
Percentile by Number Answered
Your Score History
You have not taken this quiz